Подробности
| 000 -МАРКЕР |
| контрольное поле |
02963nam0a2200421 4500 |
| 001 - ИДЕНТИФИКАТОР ЗАПИСИ |
| контрольное поле |
RU\NLR\BIBL_A\022186616 |
| 005 - ИДЕНТИФИКАТОР ВЕРСИИ |
| контрольное поле |
20240702170655.0 |
| 010 ## - МЕЖДУНАРОДНЫЙ СТАНДАРТНЫЙ НОМЕР КНИГИ (ISBN) |
| Номер (ISBN) |
978-5-907725-51-5 |
| Тираж |
500 |
| 021 ## - НОМЕР ГОСУДАРСТВЕННОЙ РЕГИСТРАЦИИ |
| Код страны |
российская федерация |
| Номер |
КН-П-24-011495 |
| Номер Листа государственной регистраци |
КН-П-24-1193 |
| 035 ## - ДРУГИЕ СИСТЕМНЫЕ НОМЕРА |
| Идентификатор записи |
(NLR Aleph) 022186616 |
| 100 ## - ДАННЫЕ ОБЩЕЙ ОБРАБОТКИ |
| Данные общей обработки |
20240403d2023 k y0rusy50 ca |
| 101 0# - ЯЗЫК РЕСУРСА |
| Язык текста, звукозаписи и т.д. |
русский |
| Язык резюме |
английский |
| 102 ## - СТРАНА ПУБЛИКАЦИИ ИЛИ ПРОИЗВОДСТВА |
| Страна публикации |
российская федерация |
| 105 ## - ПОЛЕ КОДИРОВАННЫХ ДАННЫХ: ТЕКСТОВЫЕ МАТЕРИАЛЫ, МОНОГРАФИЧЕСКИЕ |
| Кодированные данные о монографическом текстовом документе |
y z 000yy |
| 181 #0 - ПОЛЕ КОДИРОВАННЫХ ДАННЫХ: ВИД СОДЕРЖАНИЯ |
| Код вида содержания (ISBD) |
i |
| Код характеристики содержания (ISBD) |
axxe |
| 182 #0 - ПОЛЕ КОДИРОВАННЫХ ДАННЫХ: ТИП СРЕДСТВА |
| Код типа средства (ISBD) |
n - непосредственное |
| 200 1# - ЗАГЛАВИЕ И СВЕДЕНИЯ ОБ ОТВЕТСТВЕННОСТИ |
| Основное заглавие |
Особенности развития современной русскоязычной литературы на примерах творчества А. Черчесова и Б. Чипчикова |
| Параллельное заглавие |
Features of the development of modern russian-language literature on the example of the works of A. Cherchesov and B. Chipchikov |
| Первые сведения об ответственности |
М. А. Хакуашева |
| Последующие сведения об ответственности |
Институт гуманитарных исследований - филиал Федерального государственного бюджетного научного учреждения "Федеральный научный центр "Кабардино-Балкарский научный центр Российской академии наук" |
| Язык параллельного заглавия |
английский |
| 203 ## - ВИД СОДЕРЖАНИЯ И ТИП СРЕДСТВА |
| Вид содержания |
Текст |
| Дополнительные сведения об издании |
визуальный |
| Тип средства |
непосредственный |
| 210 ## - ПУБЛИКАЦИЯ, РАСПРОСТРАНЕНИЕ И ДР. |
| Место издания, распространения и т.д. |
Нальчик |
| Имя издателя, распространителя и т. д. |
Институт гуманитарных исследований - филиал Федерального государственного бюджетного научного учреждения "Федеральный научный центр "Кабардино-Балкарский научный центр Российской академии наук" |
| Дата издания, распространения и т.д. |
2023 |
| 215 ## - ФИЗИЧЕСКАЯ ХАРАКТЕРИСТИКА |
| Специфическое обозначение материала и объем |
202, [1] с. |
| Размеры |
22 |
| 300 ## - ОБЩИЕ ПРИМЕЧАНИЯ |
| Текст примечания |
Авт. также на англ. яз.: M. A. Khakuasheva |
| 300 ## - ОБЩИЕ ПРИМЕЧАНИЯ |
| Текст примечания |
Рез. англ. |
| 320 ## - ПРИМЕЧАНИЯ О НАЛИЧИИ В ДОКУМЕНТЕ БИБЛИОГРАФИИ / УКАЗАТЕЛЯ |
| Текст примечания |
Библиогр.: с. 199-202 и в примеч. в конце гл. |
| 510 1# - ПАРАЛЛЕЛЬНОЕ ЗАГЛАВИЕ |
| Связь между полями |
z11790 |
| Параллельное заглавие |
Features of the development of modern russian-language literature on the example of the works of A. Cherchesov and B. Chipchikov |
| Язык заглавия |
английский |
| 600 #1 - ИМЯ ЛИЦА КАК ПРЕДМЕТ |
| Начальный элемент ввода |
Черчесов |
| Часть имени, кроме начального элемента ввода |
А.Г. |
| Расширение инициалов личного имени |
Алан Георгиевич |
| Даты |
1962 |
| Код системы |
nlr_sh2 |
| Идентификатор авторитетной/нормативной записи |
RU\NLR\AUTH\6601741883 |
| 600 #1 - ИМЯ ЛИЦА КАК ПРЕДМЕТ |
| Начальный элемент ввода |
Чипчиков |
| Часть имени, кроме начального элемента ввода |
Б.М. |
| Расширение инициалов личного имени |
Борис Магомедович |
| Даты |
1948 - 2014 |
| Код системы |
nlr_sh2 |
| Идентификатор авторитетной/нормативной записи |
RU\NLR\AUTH\6601741882 |
| 686 1# - ИНДЕКСЫ ДРУГИХ КЛАССИФИКАЦИЙ |
| Индекс |
Ш5(2=Осет)7-4Чипчиков |
| 686 1# - ИНДЕКСЫ ДРУГИХ КЛАССИФИКАЦИЙ |
| Индекс |
Ш5(2=Осет)7-4Черчесов |
| 700 #1 - ИМЯ ЛИЦА - ПЕРВИЧНАЯ ОТВЕТСТВЕННОСТЬ |
| Начальный элемент ввода |
Хакуашева |
| Часть имени, кроме начального элемента ввода |
М. А. |
| Даты |
1959- |
| Расширение инициалов личного имени |
Мадина Андреевна |
| Идентификатор авторитетной/нормативной записи |
RU\NLR\auth\7783916 |
| 702 #1 - ИМЯ ЛИЦА - ВТОРИЧНАЯ ОТВЕТСТВЕННОСТЬ |
| Начальный элемент ввода |
Черчесов |
| Часть имени, кроме начального элемента ввода |
А. Г. |
| Даты |
1962- |
| Расширение инициалов личного имени |
Алан Георгиевич |
| Идентификатор авторитетной/нормативной записи |
RU\NLR\AUTH\779607 |
| Код отношения |
Объект посвящения |
| 702 #1 - ИМЯ ЛИЦА - ВТОРИЧНАЯ ОТВЕТСТВЕННОСТЬ |
| Начальный элемент ввода |
Чипчиков |
| Часть имени, кроме начального элемента ввода |
Б. М. |
| Даты |
1948-2014 |
| Расширение инициалов личного имени |
Борис Магомедович |
| Идентификатор авторитетной/нормативной записи |
RU\NLR\AUTH\770269585 |
| Код отношения |
Объект посвящения |
| 790 #1 - ИМЯ ЛИЦА - АЛЬТЕРНАТИВНАЯ ФОРМА |
| Связь между полями |
z11510 |
| Начальный элемент ввода |
Chakušaeva |
| Часть имени, кроме начального элемента ввода |
M. A. |
| Расширение инициалов личного имени |
Madina Andreevna |
| 942 ## - ДОПОЛНИТЕЛЬНЫЕ ЭЛЕМЕНТЫ ЗАПИСИ (АБИС) |
| Тип экземпляра АБИС |
Книга |
| 980 ## - КОЛЛЕКЦИЯ |
| Название коллекции |
Национальная библиография |